000 01513nam a2200241Ia 4500
999 _c51685
_d51685
001 18676
003 GE_BSU
005 20220920163934.0
008 181216s2008||||ge |||||||||||||| ||geo||
040 _cGE_BSU
041 _ageo
080 _a57 ჩ-16
100 _aჩაიძე, ფერიდე
_910511
245 _aაჭარის ზღვისპირეთში გავრცელებულ გვარ - Magnolia - ს ინტროდუქციის შედეგები : დისერტაცია /
_cფერიდე ჩაიძე; სამეცნ. ხელმძღვ. პაპუნიძე ვ. ; ბათუმის შოთა რუსთაველის სახ-ფო უნ-ტი.
264 _aბათუმი :
_bბათუმის შოთა რუსთაველის სახ. უნ-ტი,
_c2008.
300 _a193 გვ. ;
_b30 სმ.
653 _aაჭარის ზღვისპირეთში გავრცელებულ გვირ-Magnolia -ს ინტროდუქციის შედეგები
653 _aბიოლოგია
653 _aდისერტაცია
700 _aპაპუნიძე, ვ.
_eსამეცნიერო ხელმძღვანელი
_92537
710 _aბათუმის შოთა რუსთაველის სახელმწიფო უნივერსიტეტი
_910512
942 _cBK
_2udc